ბათუმის შოთა რუსთაველის სახელმწიფო უნივერსიტეტის ბიბლიოთეკა

საინჟინრო გეოლოგიის საფუძვლები რკინიგზის მშენებლებისათვის :სახელმძღვ. / (ბიბ.ჩანაწერი № 39593)

000 -ლიდერი
ფიქსირებული სიგრძის საკონტროლო ველი 01156nam a2200217Ia 4500
001 - საკონტროლო ნომერი
საკონტროლო ველი 6193
003 - საკონტროლო ნომრის იდენტიფიკატორი
საკონტროლო ველი GE_BSU
005 - ბოლო ოპერაციის თარიღი და დრო
საკონტროლო ველი 20190530152932.0
008 - ფიქსირებული სიგრძის მონაცემთა ელემენტები - ზოგადი ინფორმაცია
ფიქსირებული სიგრძის საკონტროლო ველი 181216s1977|||| |||||||||||||| ||geo||
040 ## - კატალოგიზაციის წყარო
Transcribing agency GE_BSU
041 ## - ენის კოდი
Language code of text/sound track or separate title geo
080 ## - უნივერსალური ათობითი კლასიფიკაციის ინდექსი
Universal Decimal Classification number 624.13.55(075.8) გ-95
100 ## - მთავარი ჩანაწერი - პიროვნების სახელი
Personal name გუმენსკი,ბ.
9 (RLIN) 1844
245 ## - ცნობა სათაურის შესახებ
Title საინჟინრო გეოლოგიის საფუძვლები რკინიგზის მშენებლებისათვის :სახელმძღვ. /
Statement of responsibility, etc ბ. გუმენსკი ; რედ ო.მენთეშაშვილი.
250 ## - გამოცემის ცნობა
Edition statement თარგმ. მესამე გადამ. და შევსებ. გამოცემიდან.
264 ## - წარმოების, გამოცემის, დისტრიბუციის და სხვა ცნობები
გამოცემის, წარმოების, დისტრიბუციის... ადგილი თბილისი :
გამოცემის, წარმოების, დისტრიბუციის... სახელწოდება განათლება,
გამოცემის, წარმოების, დისტრიბუციის... თარიღი 1977.
300 ## - ფიზიკური აღწერა
Extent 437 გვ . :
Dimensions 23 სმ.
653 ## - INDEX TERM--UNCONTROLLED
Uncontrolled term საინჟინრო გეოლოგიის საფუძვლები რკინიგზის მშენებლებისათვის
700 ## - ADDED ENTRY--PERSONAL NAME
Personal name მენთეშაშვილი, ო
Relator term რედაქტორი
9 (RLIN) 1845
942 ## - ADDED ENTRY ELEMENTS (KOHA)
Koha item type წიგნი
Source of classification or shelving scheme
ეგზემპლარები
ჩამოწერის სტატუსი დაკარგული ეგზემპლარის სტატუსი კლასიფიკაციის წყარო ან თაროზე გაწყობის სქემა დაზიანების სტატუსი არ გაიცემა მუდმივი მდებარეობა (დაცვის ადგილი) ამჟამინდელი ადგილსამყოფელი თაროზე განთავსების ადგილი შეძენის თარიღი ღირებულება, შესყიდვის ნორმალური ფასი სრული შენახვის შიფრი შტრიხკოდი ბოლო ოპერაციის თარიღი ეგზემპლარის მიმდევრობითი ნომერი (კეტერი?) ფასის ძალაში შესვლის თარიღი ეგზემპლარის სახეობა საჯარო შენიშვნა
          ტექნოლოგიური ფაკულტეტის ბიბლიოთეკა ტექნოლოგიური ფაკულტეტის ბიბლიოთეკა წიგნსაცავი 2018-12-17 2.00 624.13.55(075.8) გ-95 9751 2018-12-17 9751 2018-12-17 წიგნი 2 ლ. 10 თ.
          ტექნოლოგიური ფაკულტეტის ბიბლიოთეკა ტექნოლოგიური ფაკულტეტის ბიბლიოთეკა წიგნსაცავი 2018-12-17 2.00 624.13.55(075.8) გ-95 9752 2018-12-17 9752 2018-12-17 წიგნი 2 ლ. 10 თ.
          ტექნოლოგიური ფაკულტეტის ბიბლიოთეკა ტექნოლოგიური ფაკულტეტის ბიბლიოთეკა წიგნსაცავი 2018-12-17 2.00 624.13.55(075.8) გ-95 9753 2018-12-17 9753 2018-12-17 წიგნი 2 ლ. 10 თ.
          ტექნოლოგიური ფაკულტეტის ბიბლიოთეკა ტექნოლოგიური ფაკულტეტის ბიბლიოთეკა წიგნსაცავი 2018-12-17 2.00 624.13.55(075.8) გ-95 9754 2018-12-17 9754 2018-12-17 წიგნი 2 ლ. 10 თ.
          ტექნოლოგიური ფაკულტეტის ბიბლიოთეკა ტექნოლოგიური ფაკულტეტის ბიბლიოთეკა წიგნსაცავი 2018-12-17 2.00 624.13.55(075.8) გ-95 9755 2018-12-17 9755 2018-12-17 წიგნი 2 ლ. 10 თ.